Crecer 1 : libro de lectura para primer grado /
Guardado en:
| Autor Principal: | |
|---|---|
| Otros Autores: | |
| Formato: | Libro |
| Publicado: |
Buenos Aires :
Estrada,
1992.
|
| Materias: | |
| Etiquetas: |
Agregar Etiqueta
Sin Etiquetas, Sea el primero en etiquetar este registro!
|
| LEADER | 00792nam a22002415a 4500 | ||
|---|---|---|---|
| 001 | CEM.cems012516 | ||
| 005 | 20070423145228.0 | ||
| 008 | 130507s1992##################000#0#####d | ||
| 003 | CEMS | ||
| 020 | |a 9500103117 | ||
| 082 | 0 | 4 | |a 372.41 |
| 100 | 1 | |a Besio de Colabella, Nilda | |
| 245 | 1 | 0 | |a Crecer 1 : |b libro de lectura para primer grado / |c Nilda Besio de Colabella ; nilda E. Brull de Besio. |
| 260 | |a Buenos Aires : |b Estrada, |c 1992. | ||
| 300 | |a 133 p. | ||
| 500 | |a Libro de lectura para 1º grado. | ||
| 653 | |a Biblioteca maría de los Ángeles saggio | ||
| 653 | |a Educación | ||
| 653 | |a Educación primaria | ||
| 653 | |a Lengua-1º egb | ||
| 653 | |a Lengua-lectura | ||
| 700 | 1 | |a Brull de Besio, Nilda E. | |
| 859 | |a CEMS |b BIB. CEMS - 11 de abril |h 372.41 |i B464 |p 23809.07 |t Ej.1 |v 1º |3 1º | ||
